<?xml version="1.0" encoding="UTF-8"?><?xml-stylesheet type="text/xsl" href="static/style.xsl"?><OAI-PMH xmlns="http://www.openarchives.org/OAI/2.0/" xmlns:xsi="http://www.w3.org/2001/XMLSchema-instance" xsi:schemaLocation="http://www.openarchives.org/OAI/2.0/ http://www.openarchives.org/OAI/2.0/OAI-PMH.xsd"><responseDate>2026-04-17T01:01:14Z</responseDate><request verb="GetRecord" identifier="oai:www.recercat.cat:2099.1/16383" metadataPrefix="marc">https://recercat.cat/oai/request</request><GetRecord><record><header><identifier>oai:recercat.cat:2099.1/16383</identifier><datestamp>2025-07-22T20:45:03Z</datestamp><setSpec>com_2072_1033</setSpec><setSpec>col_2072_452951</setSpec></header><metadata><record xmlns="http://www.loc.gov/MARC21/slim" xmlns:dcterms="http://purl.org/dc/terms/" xmlns:xsi="http://www.w3.org/2001/XMLSchema-instance" xmlns:doc="http://www.lyncode.com/xoai" xsi:schemaLocation="http://www.loc.gov/MARC21/slim http://www.loc.gov/standards/marcxml/schema/MARC21slim.xsd">
   <leader>00925njm 22002777a 4500</leader>
   <datafield ind2=" " ind1=" " tag="042">
      <subfield code="a">dc</subfield>
   </datafield>
   <datafield ind2=" " ind1=" " tag="720">
      <subfield code="a">Pina Romero, Beatriz</subfield>
      <subfield code="e">author</subfield>
   </datafield>
   <datafield ind2=" " ind1=" " tag="260">
      <subfield code="c">2012-02</subfield>
   </datafield>
   <datafield ind2=" " ind1=" " tag="520">
      <subfield code="a">La idea original de este proyecto surge del departamento de investigación y desarrollo de la&#xd;
empresa Francisco Albero S.A.U., de aquí en adelante FAE, la cual con una antigüedad de&#xd;
más de 50 años, es especialista en el recambio eléctrico del automóvil. Su departamento de&#xd;
materiales avanzados se dedica a la investigación y desarrollo de materiales innovadores que&#xd;
puedan tener aplicación en el sector del automóvil. Para ello utilizan una tecnología conocida&#xd;
como "tape casting" con la cual se obtienen sustratos flexibles de base polimérica cargados&#xd;
con partículas de tipo cerámicas, metálicas, carbonosas etc.&#xd;
En colaboración con Grupo Antolín Ingeniería se plantea la idea de utilizar nanofibras de&#xd;
carbono para desarrollar composites poliméricos mediante la tecnología de FAE. El objetivo&#xd;
es utilizar estos composites como elemento calefactor dentro del sector del automóvil en&#xd;
aplicaciones tales como espejos retrovisores, asientos, volantes etc.&#xd;
No obstante, desde un punto de vista de mercado para que este material sea competitivo con&#xd;
los sistemas de calefacción existentes, éste ha de presentar un comportamiento eléctrico&#xd;
determinado conocido como fenómeno PTC (Positive Temperature Coefficient). El cual&#xd;
consiste en un aumento exponencial de la resistividad al llegar a una temperatura específica,&#xd;
este comportamiento le confiere la particularidad de ser un material autorregulable (limitador&#xd;
de corriente).&#xd;
Para conseguir el objetivo del proyecto se ha trabajado de manera experimental en la sala&#xd;
blanca del departamento de investigación de FAE, mediante la tecnología del tape casting se&#xd;
han preparado composites de nanofibras de carbono con diferentes matrices poliméricas.&#xd;
Paralelamente se ha realizado un estudio bibliográfico sobre el comportamiento PTC, se ha&#xd;
buscado información sobre qué materiales lo presentan y como caracterizarlo. Tras un&#xd;
extenso programa de experimentos y caracterizaciones que han incluido DSCs, DRXs,&#xd;
ensayos en cámara climática, voltaje vs intensidad se ha determinado que la matriz de óxido&#xd;
de polietileno es la más apropiada para obtener efecto PTC en composites preparados por&#xd;
tape casting. Finalmente se ha conseguido desarrollar espejos retrovisores a los cuales&#xd;
actualmente se les están haciendo diferentes pruebas y ensayos de vida para demostrar su&#xd;
utilidad en el mercado.</subfield>
   </datafield>
   <datafield tag="653" ind2=" " ind1=" ">
      <subfield code="a">Àrees temàtiques de la UPC::Enginyeria dels materials::Assaig de materials</subfield>
   </datafield>
   <datafield tag="653" ind2=" " ind1=" ">
      <subfield code="a">Àrees temàtiques de la UPC::Enginyeria dels materials::Materials plàstics i polímers</subfield>
   </datafield>
   <datafield tag="653" ind2=" " ind1=" ">
      <subfield code="a">Carbon fibers</subfield>
   </datafield>
   <datafield tag="653" ind2=" " ind1=" ">
      <subfield code="a">Nanofibers</subfield>
   </datafield>
   <datafield tag="653" ind2=" " ind1=" ">
      <subfield code="a">Polymeric composites</subfield>
   </datafield>
   <datafield tag="653" ind2=" " ind1=" ">
      <subfield code="a">Electric resistance</subfield>
   </datafield>
   <datafield tag="653" ind2=" " ind1=" ">
      <subfield code="a">Fibres de carboni</subfield>
   </datafield>
   <datafield tag="653" ind2=" " ind1=" ">
      <subfield code="a">Nanofibres</subfield>
   </datafield>
   <datafield tag="653" ind2=" " ind1=" ">
      <subfield code="a">Compostos polimèrics</subfield>
   </datafield>
   <datafield tag="653" ind2=" " ind1=" ">
      <subfield code="a">Resistència elèctrica</subfield>
   </datafield>
   <datafield ind2="0" ind1="0" tag="245">
      <subfield code="a">Comportamiento PTC en composites de nanofibras de carbono obtenidos mediante tecnologia tape casting</subfield>
   </datafield>
</record></metadata></record></GetRecord></OAI-PMH>